Shared Names: People & Places Quiz Stats

 Plays Quiz Updated Aug 9, 2014

Support Sporcle.
Go Orange.
Score 0/22 Timer 04:00
1 Play Today
% Correct
Victoria
87.9%
Titan
84.4%
Paris
83%
Washington
80.9%
Orlando
80.7%
Everest
77.9%
Bering
77.3%
Bismarck
74.4%
Wellington
74.2%
Vasco da Gama
74%
Columbus
72.1%
% Correct
Hanover
65.5%
Titania
64.9%
Hudson
64.6%
Darwin
63.4%
Vancouver
63.3%
Melbourne
62.1%
Adelaide
60.9%
Raleigh
58.4%
Boston
50.7%
Baffin
47.9%
Barents
45.1%

You're not logged in!

Compare scores with friends on all Sporcle quizzes.
OR
Log In

From the Vault

'War' Movies

by wilycub

This quiz means war.
Remove Ads.
Support Sporcle.
Get the best of Sporcle when you Go Orange. This ad-free experience offers more features, more stats, and more fun while also helping to support Sporcle. Thank you for becoming a member.

Show Comments

Extras

Top Quizzes Today


Score Distribution

Your Account Isn't Verified!

In order to create a playlist on Sporcle, you need to verify the email address you used during registration. Go to your Sporcle Settings to finish the process.

Report this User

Report this user for behavior that violates our Community Guidelines.

Details: